Opatrenia v oblasti medzinárodného obchodu v Japonsku a ich vplyv na hospodárstvo
Identifikácia hlavných opatrení v oblasti medzinárodného obchodu a analýzy možných rizík na základe teoretických predpokladov a názorov významných ekonómov. Aplikácia získaných informácií na skutočný vývoj v Japonsku a vyvodenie záverov ohľadne prospešnosti a škodlivosti vybraných opatrení na podpor...
Salvato in:
| Autore principale: | |
|---|---|
| Natura: | Capitolo di libro |
| Lingua: | slovacco |
| Soggetti: | |
| Tags: |
Nessun Tag, puoi essere il primo ad aggiungerne!!
|
MARC
| LEADER | 00000naa$a2200000$$$4500 | ||
|---|---|---|---|
| 001 | 0062753 | ||
| 005 | 20240502071717.6 | ||
| 041 | 0 | |a slo | |
| 044 | |a SK | ||
| 245 | 1 | 0 | |a Opatrenia v oblasti medzinárodného obchodu v Japonsku a ich vplyv na hospodárstvo |c Juraj Skovajsa |
| 520 | |a Identifikácia hlavných opatrení v oblasti medzinárodného obchodu a analýzy možných rizík na základe teoretických predpokladov a názorov významných ekonómov. Aplikácia získaných informácií na skutočný vývoj v Japonsku a vyvodenie záverov ohľadne prospešnosti a škodlivosti vybraných opatrení na podporu hospodárskeho rastu. | ||
| 610 | 2 | 0 | |a Japonsko |
| 610 | 2 | 0 | |a obchod medzinárodný |
| 610 | 2 | 0 | |a rozvoj hospodársky |
| 610 | 2 | 0 | |a opatrenia |
| 610 | 2 | 0 | |a subvencie |
| 610 | 2 | 0 | |a politika obchodná |
| 100 | 1 | |a Skovajsa, Juraj | |